| 000 | 00549nam a2200145 a 4500 | ||
|---|---|---|---|
| 008 | 120416s1987 ||||||||||||||||| || u | ||
| 050 | _aHD 82 Fou | ||
| 245 | 1 | 0 | _aAnother development for SADCC |
| 246 | _aalternative development strategies for the SADCC countries | ||
| 260 |
_aGaborone _bFEP _c1987 |
||
| 350 | _a0.00 | ||
| 650 | 0 | _aECONOMICS | |
| 650 | _aECONOMIC DEVELOPMENT--SADCC NATIONS | ||
| 995 |
_D0.00 _FCBU-MAIN LIBRARY (Kitwe) _H1 _I9.95 _M1 _UAVAILABLE _ZAnnex Low-Usage Collection |
||
| 999 |
_c34475 _d34475 |
||